San Juan de Ortega / (Registro nro. 105158)

Detalles MARC
000 -LEADER
campo de control de longitud fija 00807nam a22002411 4500
001 - NÚMERO DE CONTROL
campo de control 105158
003 - IDENTIFICADOR DE NÚMERO DE CONTROL
campo de control ES-MaACL
005 - FECHA Y HORA DE LA ÚLTIMA TRANSACCIÓN
campo de control 20251120140902.0
007 - CAMPO FIJO DE DESCRIPCIÓN FÍSICA--INFORMACIÓN GENERAL
campo de control de longitud fija t|
008 - DATOS DE LONGITUD FIJA--INFORMACIÓN GENERAL
campo de control de longitud fija 060615s1963 sp ||||0| spa d
016 7# - NÚMERO DE CONTROL DE UNA AGENCIA BIBLIOGRÁFICA NACIONAL
Número de control cancelado/no válido IND9200523242
040 ## - FUENTE DE CATALOGACIÓN
Centro catalogador/agencia de origen M-BN
Lengua de catalogación spa
Centro/agencia transcriptor A2
080 ## - NÚMERO DE LA CLASIFICACIÓN DECIMAL UNIVERSAL
Número de la Clasificación Decimal Universal 92(Juan de Ortega, San)
100 1# - ENTRADA PRINCIPAL--NOMBRE DE PERSONA
Nombre de persona López Martínez, Nicolás,
Fechas asociadas al nombre 1925-2006
9 (RLIN) 73762
245 10 - MENCIÓN DEL TÍTULO
Título San Juan de Ortega /
Mención de responsabilidad, etc. Nicolás López Martínez ; prólogo de Mons. Buenaventura Diez y Diez.
260 ## - PUBLICACIÓN, DISTRIBUCIÓN, ETC.
Lugar de publicación, distribución, etc. [Burgos :
Nombre del editor, distribuidor, etc. s.n.],
Fecha de publicación, distribución, etc. 1963 (
Fabricante Imp. Aldecoa)
300 ## - DESCRIPCIÓN FÍSICA
Extensión 146 p., lam. 1-4 ;
Dimensiones 19 cm.
500 ## - NOTA GENERAL
Nota general Seminario Metropolitano de Burgos.
600 04 - PUNTO DE ACCESO ADICIONAL DE MATERIA--NOMBRE DE PERSONA
Nombre de persona Juan de Ortega,
Títulos y otros términos asociados al nombre Santo
9 (RLIN) 67115
700 1# - ENTRADA AGREGADA--NOMBRE PERSONAL
Nombre de persona Díez y Díez, Buenaventura.
9 (RLIN) 44783
852 ## - LOCALIZACIÓN
Ubicación ES-MaACL
Número de control de estantería C-23722
Sublocalización o colección R.52502
Existencias
Estatus retirado Estado de pérdida Estado de daño No para préstamo Biblioteca de origen Biblioteca actual Ubicación en estantería Fecha de adquisición Fuente de adquisición Total de préstamos Signatura topográfica completa Código de barras Visto por última vez Precio de reemplazo Tipo de ítem Koha
        Biblioteca del Ateneo de Madrid Biblioteca del Ateneo de Madrid Depósito 2 17/01/2008     C-23722 1109787 23/02/2023 23/02/2023 Libro impreso